000 00599nam a2200121Ia 4500
008 220615s9999||||xx |||||||||||||| ||und||
100 _aGueudet, Ghislaine||Bosch, Marianna||diSessa, Andrea A.||Kwon, Oh Nam||Verschaffel, Lieven
245 0 _aTransitions in Mathematics Education
546 _aEnglish[eng]
650 _aMathematics Education||Learning||Teaching
856 _uhttps://library.oapen.org/bitstream/20.500.12657/27698/1/1002308.pdf||https://library.oapen.org/bitstream/20.500.12657/27698/1/1002308.pdf||https://library.oapen.org/bitstream/20.500.12657/27698/1/1002308.pdf
942 _cEB
999 _c15562
_d15562